5HLuxD.jpg

KING HENRY VIII SENIOR AND PRIMARY SCHOOL LIBRARY OPAC

Let's Travel through ASEAN History. (Record no. 6032)

000 -LEADER
fixed length control field 00695nam a22002177a 4500
003 - CONTROL NUMBER IDENTIFIER
control field OSt
005 - DATE AND TIME OF LATEST TRANSACTION
control field 20260127153549.0
008 - FIXED-LENGTH DATA ELEMENTS--GENERAL INFORMATION
fixed length control field 260127b ||||| |||| 00| 0 eng d
020 ## - INTERNATIONAL STANDARD BOOK NUMBER
International Standard Book Number 9786235429267
040 ## - CATALOGING SOURCE
Transcribing agency KH8
082 ## - DEWEY DECIMAL CLASSIFICATION NUMBER
Classification number 352.1159 ASE
110 ## - MAIN ENTRY--CORPORATE NAME
Corporate name or jurisdiction name as entry element ASEAN Secretariat,
Relator term corporat author.
245 ## - TITLE STATEMENT
Title Let's Travel through ASEAN History.
260 ## - PUBLICATION, DISTRIBUTION, ETC.
Place of publication, distribution, etc. Jakarta ;
Name of publisher, distributor, etc. ASEAN Secretariat ,
Date of publication, distribution, etc. September 2023.
300 ## - PHYSICAL DESCRIPTION
Extent 47 pages :
Other physical details colour illustrations ;
Dimensions 21 cm.
500 ## - GENERAL NOTE
General note Sumbangan daripada Bahagian Komuniti Sosio-Budaya ASEAN(ASCCD).
650 20 - SUBJECT ADDED ENTRY--TOPICAL TERM
Topical term or geographic name entry element History
General subdivision Comic
650 10 - SUBJECT ADDED ENTRY--TOPICAL TERM
Topical term or geographic name entry element ASEAN
Form subdivision Association
General subdivision Southeast Asia
710 ## - ADDED ENTRY--CORPORATE NAME
Corporate name or jurisdiction name as entry element ASEAN Secretariat
Relator term issuing body.
942 ## - ADDED ENTRY ELEMENTS (KOHA)
Source of classification or shelving scheme
Koha item type Books - Non Ficton
Holdings
Withdrawn status Lost status Source of classification or shelving scheme Damaged status Not for loan Collection code Permanent Location Current Location Shelving location Date acquired Full call number Barcode Date last seen Copy number Price effective from Koha item type
          Non-Fiction KH8 Senior School Library KH8 Senior School Library Non Fiction 2026-01-27 352.1159 ASE 3KHSL000102596 2026-01-27 1 2026-01-27 Books - Non Ficton
          Non-Fiction KH8 Senior School Library KH8 Senior School Library Non Fiction 2026-01-27 352.1159 ASE 3KHSL000102597 2026-01-27 2 2026-01-27 Books - Non Ficton
          Non-Fiction KH8 Senior School Library KH8 Senior School Library Non Fiction 2026-01-27 352.1159 ASE 3KHSL000102598 2026-01-27 3 2026-01-27 Books - Non Ficton
          Non-Fiction KH8 Senior School Library KH8 Senior School Library Non Fiction 2026-01-27 352.1159 ASE 3KHSL000102599 2026-01-27 4 2026-01-27 Books - Non Ficton
          Non-Fiction KH8 Senior School Library KH8 Senior School Library Non Fiction 2026-01-27 352.1159 ASE 3KHSL000102600 2026-01-27 5 2026-01-27 Books - Non Ficton
          Non-Fiction KH8 Senior School Library KH8 Senior School Library Non Fiction 2026-01-27 352.1159 ASE 3KHSL000102601 2026-01-27 6 2026-01-27 Books - Non Ficton
          Non-Fiction KH8 Senior School Library KH8 Senior School Library Non Fiction 2026-01-27 352.1159 ASE 3KHSL000102602 2026-01-27 7 2026-01-27 Books - Non Ficton
          Non-Fiction KH8 Senior School Library KH8 Senior School Library Non Fiction 2026-01-27 352.1159 ASE 3KHSL000102603 2026-01-27 8 2026-01-27 Books - Non Ficton
          Non-Fiction KH8 Senior School Library KH8 Senior School Library Non Fiction 2026-01-27 352.1159 ASE 3KHSL000102604 2026-01-27 9 2026-01-27 Books - Non Ficton
          Non-Fiction KH8 Senior School Library KH8 Senior School Library Non Fiction 2026-01-27 352.1159 ASE 3KHSL000102605 2026-01-27 10 2026-01-27 Books - Non Ficton

Powered By KH8 IT Dept